000 00595nam a22001937a 4500
003 OSt
005 20260422055428.0
008 260422b |||||||| |||| 00| 0 eng d
020 _a0-394-36308-6
040 _aDWC-Admin lib
_cOC
082 _aCirc. 301 B29s 1980
100 _aBassis, Micheal S.
245 _aStudy guide to accompany sociology :
_ban introduction /
_cMicheal S. Bassis
260 _aNew York :
_bRandom house,
_cc1980.
300 _a ix 228 p. ;
_c23 cm.
700 _aGelles, Richard J.
700 _aLevine, Ann...(ET. AL.)
942 _2ddc
_cBK-CIRC
_e3rd ed.
_hCirc.
_n0
999 _c9687
_d9687